<?xml version="1.0" encoding="UTF-8"?>
<record
    xmlns:xsi="http://www.w3.org/2001/XMLSchema-instance"
    xsi:schemaLocation="http://www.loc.gov/MARC21/slim http://www.loc.gov/standards/marcxml/schema/MARC21slim.xsd"
    xmlns="http://www.loc.gov/MARC21/slim">

  <leader>01037nab a2200277uuc4500</leader>
  <controlfield tag="001">1319574</controlfield>
  <controlfield tag="005">20250306090837.0</controlfield>
  <controlfield tag="008">130313s2012                        spa  </controlfield>
  <datafield tag="035" ind1=" " ind2=" ">
    <subfield code="a">1319574</subfield>
  </datafield>
  <datafield tag="040" ind1=" " ind2=" ">
    <subfield code="c">comduadb</subfield>
  </datafield>
  <datafield tag="041" ind1=" " ind2=" ">
    <subfield code="a">spa</subfield>
  </datafield>
  <datafield tag="100" ind1="1" ind2="0">
    <subfield code="a">Pallares Neila, Javier</subfield>
    <subfield code="4">aut</subfield>
    <subfield code="e">aut</subfield>
    <subfield code="9">651582</subfield>
  </datafield>
  <datafield tag="245" ind1="1" ind2="0">
    <subfield code="a">Estudio de la obesidad infantil y su relaci&#xF3;n con la imagen corporal en una muestra espa&#xF1;ola</subfield>
  </datafield>
  <datafield tag="260" ind1=" " ind2=" ">
    <subfield code="c">2012.</subfield>
  </datafield>
  <datafield tag="650" ind1=" " ind2="7">
    <subfield code="a">Obesidad</subfield>
    <subfield code="2">lemb</subfield>
    <subfield code="9">12710</subfield>
  </datafield>
  <datafield tag="650" ind1=" " ind2="7">
    <subfield code="a">Obesidad</subfield>
    <subfield code="x">Aspectos psicol&#xF3;gicos</subfield>
    <subfield code="2"></subfield>
    <subfield code="9">1522</subfield>
  </datafield>
  <datafield tag="650" ind1=" " ind2="0">
    <subfield code="a">Imagen corporal</subfield>
    <subfield code="9">11344</subfield>
  </datafield>
  <datafield tag="650" ind1=" " ind2=" ">
    <subfield code="a">Imagen corporal - Aspectos sociales</subfield>
    <subfield code="9">185697</subfield>
  </datafield>
  <datafield tag="650" ind1=" " ind2="7">
    <subfield code="a">Infancia</subfield>
    <subfield code="6">http://vocabularies.unesco.org/thesaurus/concept1666</subfield>
    <subfield code="2"></subfield>
    <subfield code="9">14323</subfield>
  </datafield>
  <datafield tag="650" ind1=" " ind2="7">
    <subfield code="a">Autopercepci&#xF3;n</subfield>
    <subfield code="2">lemb</subfield>
    <subfield code="9">39165</subfield>
  </datafield>
  <datafield tag="650" ind1=" " ind2=" ">
    <subfield code="a">Ni&#xF1;os enfermos</subfield>
    <subfield code="9">73361</subfield>
  </datafield>
  <datafield tag="650" ind1=" " ind2=" ">
    <subfield code="a">Obesidad infantil</subfield>
    <subfield code="9">27411</subfield>
  </datafield>
  <datafield tag="700" ind1="1" ind2="0">
    <subfield code="a">Baile Ayensa, Jos&#xE9; I.</subfield>
    <subfield code="4">aut</subfield>
    <subfield code="e">aut</subfield>
    <subfield code="9">669502</subfield>
  </datafield>
  <datafield tag="773" ind1="0" ind2=" ">
    <subfield code="t">Psychologia : Avances de la Disciplina (Bogot&#xE1;)</subfield>
    <subfield code="g">Vol. 06, No. 02, Jul.-Dic. 2012, 13-21</subfield>
    <subfield code="w">1245342</subfield>
    <subfield code="x">1900-2386</subfield>
    <subfield code="0">585051</subfield>
  </datafield>
  <datafield tag="942" ind1=" " ind2=" ">
    <subfield code="c">ARIMP</subfield>
  </datafield>
  <datafield tag="999" ind1=" " ind2=" ">
    <subfield code="c">648564</subfield>
    <subfield code="d">648564</subfield>
  </datafield>
</record>
